[Event "38th Olympiad"]
[Site "Dresden GER"]
[Date "2008.11.25"]
[Round "11"]
[White "Slimani,An"]
[Black "Mathews,B"]
[Result "0-1"]
[WhiteElo "1956"]
[BlackElo "2032"]
[EventDate "2008.11.13"]

1. e4 c5 2. c3 d5 3. exd5 Qxd5 4. d4 Nc6 5. Nf3 Bg4 6. Be2 cxd4 7. cxd4 e6
8. Nc3 Bb4 9. O-O Bxc3 10. bxc3 Nf6 11. Ba3 O-O-O 12. Qa4 Qa5 13. Qxa5 Nxa5
14. h3 Bxf3 15. Bxf3 Nc4 16. Be7 Rd7 17. Bxf6 gxf6 18. Rfd1 Rhd8 19. Rab1
Rc7 20. Rb5 f5 21. Be2 Nd6 22. Rb3 Kb8 23. Bd3 Rdc8 24. Rc1 Nc4 25. Rb4 a5
26. Rxc4 Rxc4 27. Bxc4 Rxc4 28. Kf1 Kc7 29. Ke2 Kc6 30. Kd3 Ra4 31. Rc2 b5
32. c4 Ra3+ 33. Kd2 bxc4 34. Rxc4+ Kd5 35. Rc2 Kxd4 36. Kc1 Rc3 37. Kb2
Rxc2+ 38. Kxc2 f4 39. Kb3 e5 40. Kc2 e4 41. h4 h5 42. Kd2 f5 43. g3 fxg3
44. fxg3 a4 45. Kc2 Kd5 46. Kd1 Ke5 0-1

[Event "38th Olympiad"]
[Site "Dresden GER"]
[Date "2008.11.25"]
[Round "11"]
[White "Ibarra Chami,L"]
[Black "Njili,K"]
[Result "1-0"]
[WhiteElo "2389"]
[BlackElo "2350"]
[EventDate "2008.11.13"]

1. e4 c5 2. Nc3 e6 3. g3 g6 4. Bg2 Bg7 5. Nge2 Nc6 6. d3 d6 7. O-O Nge7 8.
Be3 Nd4 9. Qd2 O-O 10. Nd1 e5 11. c3 Nxe2+ 12. Qxe2 f5 13. Qd2 b6 14. exf5
Bxf5 15. Bg5 Bf6 16. Bxf6 Rxf6 17. f4 Rc8 18. fxe5 Re6 19. Nf2 Rxe5 20. g4
Bd7 21. d4 cxd4 22. cxd4 Re6 23. d5 Re5 24. Nd3 Rxd5 25. Bxd5+ Nxd5 26. Nf4
Nxf4 27. Rxf4 Bc6 28. Raf1 Qd7 29. Qf2 Qe8 30. Qd4 Qe6 31. Rc1 d5 32. Rf6
Qd7 33. g5 Bb7 34. Rcf1 Re8 35. Qf4 Qe7 36. b4 Bc8 37. Rf7 Qd8 38. Rxa7 Bf5
39. Qh4 Re7 40. Rxe7 Qxe7 41. Re1 Be4 42. Qf4 Qxb4 43. Rc1 Qd4+ 44. Qf2
Qxf2+ 45. Kxf2 Kf7 46. Rc6 b5 47. Ke3 b4 48. Rb6 Kg8 1-0

[Event "38th Olympiad"]
[Site "Dresden GER"]
[Date "2008.11.25"]
[Round "11"]
[White "Bouaziz,M"]
[Black "Espinosa Flores,R"]
[Result "0-1"]
[WhiteElo "2203"]
[BlackElo "2412"]
[EventDate "2008.11.13"]

1. d4 Nf6 2. Nf3 c5 3. e3 g6 4. Bd3 Bg7 5. O-O O-O 6. c3 d6 7. h3 Nc6 8. a3
e5 9. dxe5 dxe5 10. Qc2 Re8 11. e4 Nh5 12. Bg5 Bf6 13. Be3 Nf4 14. Bb5 Qe7
15. b4 Ne6 16. Nbd2 Bd7 17. Bc4 b6 18. Nb3 cxb4 19. axb4 Rac8 20. b5 Nb8
21. Bd3 Rc7 22. Rfc1 Rec8 23. Qd2 Be8 24. c4 Rd8 25. Ne1 Nd7 26. Ra4 Ndc5
27. Nxc5 Nxc5 28. Bxc5 Qxc5 29. Rca1 a5 30. Nc2 Rcd7 31. R1a3 Be7 32. Qe2
Bg5 33. Rb3 Rd6 34. Raa3 Bd7 35. Ne3 Bxe3 36. Qxe3 Rd4 37. Be2 Be6 38. Rc3
Kg7 39. h4 h6 40. Ra2 Qb4 41. Rac2 a4 42. Rc1 Ra8 43. f4 Qc5 44. fxe5 a3
45. Ra1 a2 46. Bd3 Qxe5 47. Rcc1 Ra3 0-1

[Event "38th Olympiad"]
[Site "Dresden GER"]
[Date "2008.11.25"]
[Round "11"]
[White "Gongora Montes,B"]
[Black "Laouini,Sa"]
[Result "0-1"]
[WhiteElo "2281"]
[BlackElo "2209"]
[EventDate "2008.11.13"]

1. d4 Nf6 2. c4 e6 3. Nc3 Bb4 4. Qc2 c5 5. dxc5 Bxc5 6. Bf4 O-O 7. e3 Nc6
8. Rd1 a6 9. Be2 Ne7 10. Nf3 Ng6 11. Bg3 Nh5 12. Bd6 Bxd6 13. Rxd6 Qc7 14.
Rd2 f5 15. O-O Nf6 16. Re1 b6 17. Qd3 Rb8 18. Qd6 Qa7 19. Ne5 Ne8 20. Qd4
Nxe5 21. Qxe5 d6 22. Qd4 Qf7 23. f4 Qc7 24. Bf3 Kh8 25. e4 e5 26. fxe5 dxe5
27. Qd3 f4 28. Kh1 Be6 29. b3 Qc5 30. Red1 b5 31. cxb5 axb5 32. Rc2 Rc8 33.
Rdc1 Nd6 34. Na4 Qe3 35. Qxe3 fxe3 36. Nc5 Bf7 37. Nd7 Rxc2 38. Rxc2 Re8
39. Re2 Re7 40. Nb6 Rb7 41. Nd5 Bxd5 42. exd5 Rc7 43. g3 Rc3 44. Bg4 b4 45.
Bd7 Kg8 46. Kg2 e4 47. Kf1 Kf7 48. Rb2 Kf6 49. Bg4 Ke5 50. Bd1 Rc1 51. Ke1
Nb5 52. Rc2 Ra1 53. Rc4 Nc3 0-1

[Event "38th Olympiad"]
[Site "Dresden GER"]
[Date "2008.11.25"]
[Round "11"]
[White "Jones,Ri"]
[Black "Njobvu,I"]
[Result "1/2-1/2"]
[WhiteElo "2075"]
[BlackElo "2247"]
[EventDate "2008.11.13"]

1. e4 c6 2. d4 d5 3. Nc3 dxe4 4. Nxe4 Nf6 5. Nxf6+ exf6 6. c3 Bd6 7. Bd3
O-O 8. Qc2 Re8+ 9. Ne2 g6 10. Be3 Qc7 11. O-O-O c5 12. dxc5 Bxc5 13. Bd4
Bxd4 14. Nxd4 Nc6 15. Nb5 Qf4+ 16. Kb1 Be6 17. g3 Qb8 18. Be4 Rd8 19. f4 f5
20. Bf3 a6 21. Nd4 Nxd4 22. Rxd4 Qc7 23. Rhd1 Rxd4 24. Rxd4 Re8 25. Qa4 Re7
26. Qb4 Rd7 27. b3 a5 28. Rxd7 Qxd7 29. Qd4 Qb5 30. c4 Qb4 31. Kb2 a4 32.
Qc3 Qb6 33. b4 Qf2+ 34. Ka3 b5 35. Bd5 Bxd5 36. cxd5 Qe2 37. d6 Qd1 38.
Qc8+ Kg7 39. d7 Qd3+ 40. Kb2 Qd2+ 41. Ka3 1/2-1/2

[Event "38th Olympiad"]
[Site "Dresden GER"]
[Date "2008.11.25"]
[Round "11"]
[White "Khetho,P"]
[Black "Rees,I"]
[Result "0-1"]
[WhiteElo "2229"]
[BlackElo "2297"]
[EventDate "2008.11.13"]

1. Nf3 c5 2. g3 Nc6 3. Bg2 e6 4. d3 d5 5. Nbd2 g6 6. O-O Bg7 7. e4 Nge7 8.
Re1 b6 9. exd5 Nxd5 10. Nc4 Bb7 11. a4 a6 12. Bg5 Qc7 13. Qc1 O-O 14. Bh6
b5 15. Bxg7 Kxg7 16. Ne3 Nf6 17. Ng5 Nd4 18. Ne4 Nxe4 19. dxe4 f5 20. axb5
f4 21. Nd1 axb5 22. Rxa8 Bxa8 23. c3 Nb3 24. Qc2 c4 25. Qe2 h5 26. gxf4 Nc1
27. Qe3 Nd3 28. Rf1 Nxf4 29. f3 Qe5 30. Qa7+ Rf7 31. Qxa8 Qg5 32. Ne3 Nh3+
33. Kh1 Qxe3 34. Bxh3 Rxf3 35. Qb7+ Kh6 36. Bg2 Rxf1+ 37. Bxf1 Qf2 38. Bxc4
bxc4 39. h3 Qg3 40. Qc6 Qxh3+ 41. Kg1 Qg3+ 42. Kf1 Qd3+ 43. Kg2 Qe2+ 44.
Kg1 Kg5 45. Qc5+ Kg4 46. Qe5 Qe3+ 47. Kg2 Qf3+ 0-1

[Event "38th Olympiad"]
[Site "Dresden GER"]
[Date "2008.11.25"]
[Round "11"]
[White "Kett,T"]
[Black "Pitlagano,T"]
[Result "1-0"]
[WhiteElo "2272"]
[BlackElo "2155"]
[EventDate "2008.11.13"]

1. e4 c5 2. Nf3 d6 3. d4 cxd4 4. Nxd4 Nf6 5. Nc3 g6 6. Be2 Bg7 7. O-O Nc6
8. Nb3 O-O 9. Be3 Be6 10. f4 Qc8 11. Kh1 Bg4 12. Bg1 Rd8 13. Bf3 Bxf3 14.
Qxf3 Qg4 15. Rad1 Rab8 16. h3 Qxf3 17. Rxf3 Rdc8 18. Nd4 a6 19. g4 b5 20.
e5 dxe5 21. Nxc6 Rxc6 22. fxe5 Ne8 23. Bh2 e6 24. Rd7 b4 25. Ne4 Rxc2 26.
Rfxf7 Rxb2 27. Nf6+ Bxf6 28. exf6 Rc8 29. g5 Rxa2 30. Rxh7 Rf2 31. f7+ Rxf7
32. Rhxf7 b3 33. Rf2 Rc2 34. Rxc2 bxc2 35. Bf4 Ng7 36. Rc7 Nh5 37. Be5 Kf8
38. Rxc2 1-0

[Event "38th Olympiad"]
[Site "Dresden GER"]
[Date "2008.11.25"]
[Round "11"]
[White "Barileng,G"]
[Black "Spice,A"]
[Result "1-0"]
[WhiteElo "2107"]
[BlackElo "2173"]
[EventDate "2008.11.13"]

1. Nf3 e6 2. c4 f5 3. g3 Nf6 4. Bg2 Be7 5. O-O O-O 6. d4 d6 7. Nc3 Qe8 8.
Re1 Ne4 9. Qc2 Qg6 10. b4 Nc6 11. a3 Bf6 12. e3 Nxc3 13. Qxc3 e5 14. b5
exd4 15. exd4 Nd8 16. Bb2 f4 17. Qb3 fxg3 18. fxg3 Bg4 19. c5+ Kh8 20. cxd6
cxd6 21. Rac1 Ne6 22. Rxe6 Bxe6 23. Qxe6 Rfe8 24. Qc4 h6 25. Qc2 Qg4 26. d5
Rac8 27. Qd2 Rxc1+ 28. Qxc1 Bxb2 29. Qxb2 Qc4 30. Nd4 Re1+ 31. Kf2 Rc1 32.
Qd2 Ra1 33. Qe3 Ra2+ 34. Ne2 g5 35. Bh3 Qxb5 36. Qc3+ Kg8 37. Be6+ Kh7 38.
Qc7+ Kh8 39. Qd8+ Kg7 40. Qe7+ 1-0

[Event "38th Olympiad"]
[Site "Dresden GER"]
[Date "2008.11.25"]
[Round "11"]
[White "Adebayo,A"]
[Black "Chavez,HE"]
[Result "1-0"]
[WhiteElo "2266"]
[BlackElo "2202"]
[EventDate "2008.11.13"]

1. d4 g6 2. e4 Bg7 3. f4 c5 4. dxc5 Qa5+ 5. c3 Qxc5 6. Bd3 d5 7. e5 Nc6 8.
Nf3 Bg4 9. h3 Bf5 10. Bxf5 gxf5 11. Qd3 Nb4 12. Qe2 Nc6 13. Be3 Qa5 14.
Nbd2 e6 15. Nb3 Qc7 16. Nfd4 a6 17. Qh5 Nxd4 18. Nxd4 O-O-O 19. g4 fxg4 20.
hxg4 Qd7 21. O-O-O Qe8 22. Rhe1 Ne7 23. f5 exf5 24. Bg5 fxg4 25. Bxe7 Qxe7
26. Qxg4+ Kb8 27. Qxg7 h5 28. e6 Rdg8 29. exf7 1-0

[Event "38th Olympiad"]
[Site "Dresden GER"]
[Date "2008.11.25"]
[Round "11"]
[White "Martinez,Ne"]
[Black "Bomo,K"]
[Result "1/2-1/2"]
[WhiteElo "2149"]
[BlackElo "1988"]
[EventDate "2008.11.13"]

1. d4 Nf6 2. Nf3 e6 3. c4 b6 4. g3 Bb7 5. Bg2 c5 6. Nc3 cxd4 7. Qxd4 Be7 8.
O-O d6 9. b3 Nbd7 10. Bb2 a6 11. Rad1 O-O 12. Ng5 Bxg2 13. Kxg2 Ra7 14.
Nge4 Nxe4 15. Nxe4 Nf6 16. Kg1 Qa8 17. Nxf6+ Bxf6 18. Qd2 Bxb2 19. Qxb2 Rd7
20. Qd4 Qc6 21. e4 h6 22. Rd2 b5 23. cxb5 axb5 24. Rfd1 Ra8 25. Qb4 d5 26.
exd5 exd5 27. a3 Re8 28. Qd4 Re4 29. Qb2 d4 30. Qa1 Qe6 31. a4 b4 32. Qb1
f5 33. Qd3 f4 34. Qc4 Qxc4 35. bxc4 b3 36. gxf4 Rc7 37. Rxd4 Rxd4 38. Rxd4
b2 39. Rd8+ Kf7 40. Rb8 Rxc4 41. Rxb2 Rxa4 42. Rb7+ Kf6 43. Kg2 Rxf4 44.
Kg3 Rf5 45. Rb6+ Kf7 46. Rb7+ Kg6 47. Rb6+ Kh5 48. Rb3 Rg5+ 49. Kh3 Rg4 50.
Ra3 g5 51. Rg3 Rf4 52. Kg2 Kg6 53. Ra3 Rg4+ 54. Rg3 Kf5 55. h3 Rxg3+ 56.
Kxg3 Ke5 1/2-1/2

[Event "38th Olympiad"]
[Site "Dresden GER"]
[Date "2008.11.25"]
[Round "11"]
[White "Samhouri,B"]
[Black "Anit,T"]
[Result "1-0"]
[WhiteElo "2205"]
[BlackElo "1881"]
[EventDate "2008.11.13"]

1. d4 d5 2. Nf3 Nf6 3. c4 e6 4. cxd5 exd5 5. Nc3 Be7 6. Bg5 Nbd7 7. e3 h6
8. Bh4 c6 9. Bd3 O-O 10. O-O Ne4 11. Bxe7 Qxe7 12. Qc2 Ng5 13. Nxg5 Qxg5
14. b4 a6 15. a4 f5 16. Ne2 Nf6 17. b5 axb5 18. axb5 Bd7 19. b6 Rxa1 20.
Rxa1 Ng4 21. Nf4 Qd8 22. h3 Nf6 23. Qb2 g5 24. Ng6 Re8 25. Ra7 Bc8 26. Ba6
Kg7 27. Ne5 Qe7 28. Nxc6 Qf7 29. Ne5 Qe7 30. Bb5 Rf8 31. Bc6 Rd8 32. Bxb7
Bxb7 33. Nc6 Qd7 34. Nxd8 Qxd8 35. Rxb7+ Kg6 36. Rc7 Nd7 37. Rxd7 1-0

[Event "38th Olympiad"]
[Site "Dresden GER"]
[Date "2008.11.25"]
[Round "11"]
[White "Farazi,K"]
[Black "Rimawi,B"]
[Result "0-1"]
[WhiteElo "2207"]
[BlackElo "2221"]
[EventDate "2008.11.13"]

1. Nf3 Nf6 2. d4 g6 3. Nbd2 d5 4. g3 Bg7 5. Bg2 O-O 6. O-O Nbd7 7. c4 c6 8.
b3 b6 9. Bb2 Bb7 10. Re1 c5 11. cxd5 Nxd5 12. Ne5 cxd4 13. Nxd7 Qxd7 14.
Nc4 e5 15. e3 dxe3 16. Rxe3 Rfd8 17. Rd3 Qe6 18. Qe2 e4 19. Qxe4 Bxb2 20.
Nxb2 Qf6 21. Qd4 Qe7 22. Rad1 Rd7 23. Qa4 Rad8 24. Nc4 Qe6 25. Ne3 Bc6 26.
Qxc6 Qxc6 27. Bxd5 Qf6 28. Ng4 Qe7 29. Bxf7+ Kg7 30. Bc4 Rxd3 31. Rxd3 Rxd3
32. Bxd3 Qa3 33. Bc4 Qxa2 34. Ne3 b5 35. Bxb5 Qxb3 36. Bc4 Qc3 37. h4 a5
38. Kg2 a4 39. Bd5 a3 40. Ba2 Qd2 41. Bc4 a2 42. Bxa2 Qxa2 43. Kg1 Kf6 44.
Kg2 h5 45. Nf1 Kf5 46. Ne3+ Ke4 47. Kg1 Ke5 0-1

[Event "38th Olympiad"]
[Site "Dresden GER"]
[Date "2008.11.25"]
[Round "11"]
[White "Mansour,Sam"]
[Black "Sharify,A"]
[Result "1/2-1/2"]
[WhiteElo "2285"]
[BlackElo "2118"]
[EventDate "2008.11.13"]

1. e4 e5 2. Bc4 Nc6 3. Nf3 Nf6 4. d3 Be7 5. O-O d6 6. c3 O-O 7. Re1 Bg4 8.
h3 Bh5 9. Nbd2 Na5 10. Bb5 c6 11. Ba4 b5 12. Bc2 c5 13. Nf1 Nc6 14. Ng3 Bg6
15. Nh4 Ne8 16. Nhf5 Bh4 17. Qg4 Bxg3 18. Nxg3 Ne7 19. Bb3 Qc8 20. Qe2 Kh8
21. a4 f5 22. exf5 Nxf5 23. Nxf5 Bxf5 24. axb5 Nc7 25. Kh2 Qb7 26. Bg5 Qxb5
27. Bc4 Qb6 28. Ra3 d5 29. Ba2 Rae8 30. Bh4 a6 31. Rb3 Qg6 32. Rb7 Qc6 33.
Rxc7 Qxc7 34. Bxd5 Qd7 35. c4 Be6 36. Be4 Bf5 37. Bd5 Be6 38. Be4 Bf5 39.
Bg3 Bxe4 40. dxe4 Rf6 41. Rd1 Rd6 42. Rd5 Rxd5 43. exd5 Kg8 44. Qe3 Qd6 45.
f3 Re7 46. Qc3 h6 47. Qd3 Rb7 48. Qf5 Re7 49. Qf4 1/2-1/2

[Event "38th Olympiad"]
[Site "Dresden GER"]
[Date "2008.11.25"]
[Round "11"]
[White "Alice,M"]
[Black "Cekro,E"]
[Result "0-1"]
[WhiteElo "2201"]
[BlackElo "2419"]
[EventDate "2008.11.13"]

1. e4 g6 2. d4 Bg7 3. Nc3 d6 4. Be3 c6 5. Qd2 Nd7 6. f3 b5 7. Nh3 Nb6 8.
Nf2 d5 9. Be2 f5 10. e5 Nc4 11. Bxc4 dxc4 12. O-O Be6 13. Nh3 Qd7 14. Rad1
Bd5 15. Rfe1 e6 16. a4 Ne7 17. Bh6 O-O 18. Qg5 b4 19. Ne2 a5 20. Nef4 Nc8
21. Nxd5 cxd5 22. Nf4 Bxh6 23. Qxh6 Ra6 24. h4 Qg7 25. Qg5 Ne7 26. Kf2 h6
27. Qg3 Kh7 28. Rh1 Qf7 29. Qh2 Rc6 30. Nh3 Kg7 31. Qg3 Nc8 32. Nf4 Kh7 33.
Rh3 Rg8 34. Rhh1 Qa7 35. Ne2 Nb6 36. Ra1 Rcc8 37. Qf4 Qd7 38. b3 Qe7 39. g3
Rc6 40. Rac1 Rgc8 41. Rcg1 Nd7 42. Qe3 Nf8 43. Rd1 Qa7 44. Rdg1 R8c7 45.
Rc1 Qa6 46. Qd2 Qc8 47. Qe3 Kg7 48. Rhg1 Qd8 49. Rh1 Qe7 50. Rhg1 g5 51.
hxg5 hxg5 52. Rh1 Kg6 53. Rcg1 cxb3 54. cxb3 Rc2 55. Rc1 R7c3 56. Rxc2 Rxc2
57. g4 Qc7 58. gxf5+ exf5 59. Rg1 Ne6 60. Rc1 Nf4 61. Rxc2 Qxc2 62. Kf1
Qd1+ 63. Kf2 Nd3+ 64. Kg2 f4 0-1

[Event "38th Olympiad"]
[Site "Dresden GER"]
[Date "2008.11.25"]
[Round "11"]
[White "Laurent,B"]
[Black "Chambule,P"]
[Result "1-0"]
[WhiteElo "2370"]
[BlackElo "2100"]
[EventDate "2008.11.13"]

1. e4 e5 2. Nf3 Nf6 3. Nxe5 d6 4. Nf3 Nxe4 5. d4 d5 6. Bd3 Be7 7. O-O O-O
8. c4 Nc6 9. Re1 Nf6 10. Nc3 Bg4 11. cxd5 Nb4 12. Bc4 Re8 13. Bg5 Nfxd5 14.
Bxe7 Rxe7 15. Rxe7 Nxe7 16. Bxf7+ Kh8 17. h3 Bxf3 18. Qxf3 Qxd4 19. Rd1 Qc5
20. Qxb7 Rf8 21. Ne4 Qa5 22. Bc4 Qf5 23. Qxb4 Qxe4 24. Re1 Qh4 25. Qxe7
Qxf2+ 26. Kh1 Qf6 27. Qxf6 gxf6 28. Re7 1-0

[Event "38th Olympiad"]
[Site "Dresden GER"]
[Date "2008.11.25"]
[Round "11"]
[White "Nakapunda,O"]
[Black "Russell,MKA"]
[Result "0-1"]
[WhiteElo "2083"]
[BlackElo "2230"]
[EventDate "2008.11.13"]

1. d4 d5 2. c4 c6 3. cxd5 cxd5 4. Nc3 Nf6 5. Bf4 Nc6 6. e3 a6 7. Bd3 Qb6 8.
Qd2 e6 9. Nge2 Be7 10. O-O Nh5 11. Na4 Qd8 12. Rac1 Nxf4 13. Nxf4 O-O 14.
Nc5 Bd6 15. g3 Ne7 16. Qe2 g6 17. Kg2 Kg7 18. h4 Nc6 19. Bb1 Qe8 20. Qc2
Ne7 21. h5 b6 22. Ncd3 Bb7 23. hxg6 hxg6 24. Qb3 Qb5 25. Qxb5 axb5 26. a3
Nc6 27. Kg1 Na5 28. Nb4 Rfc8 29. Rxc8 Rxc8 30. Nfd3 Nc4 31. Ba2 Bxb4 32.
axb4 Ra8 33. Bb1 f6 34. Rc1 Kh6 35. Nf4 Ra1 36. Nd3 e5 37. Bc2 Rxc1+ 38.
Nxc1 Nxb2 39. dxe5 fxe5 40. Nd3 Nc4 41. Bd1 Bc8 42. Kf1 Bf5 43. Ke2 Bxd3+
44. Kxd3 Nb2+ 45. Kc2 Nxd1 46. Kxd1 Kg5 47. f4+ exf4 48. gxf4+ Kf5 49. Ke2
Ke4 50. Kf2 d4 51. exd4 Kxf4 0-1

[Event "38th Olympiad"]
[Site "Dresden GER"]
[Date "2008.11.25"]
[Round "11"]
[White "Peiris,T"]
[Black "Mueller,Le"]
[Result "0-1"]
[WhiteElo "2100"]
[BlackElo "2199"]
[EventDate "2008.11.13"]

1. e4 c5 2. Nf3 Nc6 3. d4 cxd4 4. Nxd4 Qb6 5. Nb3 Nf6 6. Nc3 e6 7. Qe2 Bb4
8. Bd2 O-O 9. a3 Be7 10. O-O-O d5 11. Be3 Qc7 12. exd5 Nxd5 13. Nxd5 exd5
14. Rxd5 Be6 15. Rd1 Rac8 16. Kb1 Rfd8 17. Rc1 Bf6 18. Qb5 Rd5 19. Qa4 Qe5
20. c3 b5 21. Qa6 Rd6 22. Qxb5 Qxb5 23. Bxb5 Bxb3 24. Bxc6 Rcxc6 25. Bxa7
Rd2 26. Rhe1 Re6 27. Be3 Rd8 28. Re2 h5 29. Rce1 Red6 30. Rc1 g5 31. g3 Kg7
32. c4 Rc6 33. c5 Kg6 34. Rd2 Kf5 35. Rxd8 Bxd8 36. Rc3 Bd5 37. Kc1 Bf6 38.
Rd3 Be4 39. Rd7 Ke6 40. Ra7 Be7 41. b4 Rc8 42. Kb2 Ra8 43. Rxa8 Bxa8 44. b5
Kd5 45. c6 Kc4 46. c7 Bb7 47. a4 Kb4 48. Kc2 Kxa4 49. b6 Kb5 50. Kd3 Bc5
51. Bxg5 Bxf2 52. Bf4 Bxb6 53. h3 Bc8 54. h4 Bf5+ 55. Ke2 Kc6 56. Kf3 Bxc7
57. Bd2 Kd5 58. Kg2 Ke4 59. Bb4 Bg4 60. Bc5 Be5 61. Bb6 Be6 62. Bc5 Bd5 63.
Bb6 Kf5+ 64. Kh3 Bc4 65. Kg2 Kg4 66. Bf2 Bd5+ 67. Kh2 Kf3 68. Be1 Be6 0-1

[Event "38th Olympiad"]
[Site "Dresden GER"]
[Date "2008.11.25"]
[Round "11"]
[White "Eichab,C"]
[Black "Rajapakse,R"]
[Result "0-1"]
[WhiteElo "2066"]
[BlackElo "1646"]
[EventDate "2008.11.13"]

1. e4 c5 2. Nf3 d6 3. d4 cxd4 4. Nxd4 Nf6 5. Nc3 a6 6. Be2 e5 7. Nb3 Be7 8.
O-O O-O 9. Be3 Qc7 10. f4 b5 11. a3 Bb7 12. fxe5 dxe5 13. Bd3 Nbd7 14. Qe2
Nc5 15. Nxc5 Bxc5 16. Rxf6 gxf6 17. Nd5 Bxd5 18. exd5 Bxe3+ 19. Kh1 Bg5 20.
h4 Bh6 21. Qg4+ Bg7 22. Qf5 Rfe8 23. Qxh7+ Kf8 24. Bf5 e4 25. Bxe4 Qf4 26.
Bf3 Qh6 27. Qd3 Qxh4+ 28. Kg1 f5 29. c3 Bh6 30. Rd1 Be3+ 0-1

[Event "38th Olympiad"]
[Site "Dresden GER"]
[Date "2008.11.25"]
[Round "11"]
[White "Velasco,S"]
[Black "Aristotelous,V"]
[Result "1-0"]
[WhiteElo "2287"]
[BlackElo "1920"]
[EventDate "2008.11.13"]

1. e4 d6 2. d4 Nf6 3. Nc3 g6 4. Be3 c6 5. Qd2 b5 6. f3 Nbd7 7. Nh3 Nb6 8.
Nf2 Bb7 9. g4 h5 10. g5 Nfd7 11. f4 Bg7 12. Bd3 Nc4 13. Bxc4 bxc4 14. O-O
O-O 15. f5 c5 16. d5 Ne5 17. Qe2 Qb6 18. Rab1 Bc8 19. Kh1 Kh7 20. Nh3 Bd7
21. Nf4 Ng4 22. Bg1 Be5 23. h3 Bxf4 24. Rxf4 Ne5 25. Bh2 Rh8 26. Rf2 Raf8
27. Bxe5 dxe5 28. Qxc4 Kg7 29. h4 a6 30. f6+ exf6 31. Rxf6 Qb4 32. Qxb4
cxb4 33. Nd1 Bb5 34. Ne3 Rc8 35. Rd1 Rhd8 36. Kg2 Rd7 37. Kf2 Kf8 38. Ke1
Rc5 39. Rd2 Ke8 40. Rdf2 Rcc7 41. Kd2 Rc6 42. Rxc6 Bxc6 43. Rf6 Bb5 44. Rb6
Ke7 45. c4 bxc3+ 46. bxc3 Rd6 47. Rb7+ Rd7 48. Rxd7+ Bxd7 49. c4 f6 50. c5
fxg5 51. hxg5 Bb5 52. Ng2 Be8 53. Nh4 Kf7 54. Nf3 1-0

[Event "38th Olympiad"]
[Site "Dresden GER"]
[Date "2008.11.25"]
[Round "11"]
[White "Constantinou,Pa"]
[Black "Santa Torres,J"]
[Result "0-1"]
[WhiteElo "2093"]
[BlackElo "2233"]
[EventDate "2008.11.13"]

1. c4 e5 2. g3 d6 3. Bg2 f5 4. Nc3 Nf6 5. e3 Be7 6. Nge2 O-O 7. O-O c6 8.
d4 Qe8 9. b3 Nbd7 10. Bb2 Qh5 11. Qd2 g5 12. f4 gxf4 13. exf4 e4 14. Nd1 d5
15. h3 Rf7 16. Ne3 Nf8 17. Rac1 Bd6 18. b4 Rg7 19. b5 Bd7 20. a4 Re8 21.
Qe1 Qf7 22. bxc6 bxc6 23. c5 Bc7 24. Bc3 Qh5 25. Rb1 Bc8 26. Qf2 Kh8 27.
Rfe1 Ng6 28. Rb2 Ne7 29. Nc1 Reg8 30. Ne2 Ba6 31. Nf1 Nd7 32. Qe3 Nf6 33.
Reb1 Qh6 34. Be1 Nh5 35. Rc1 Ng6 36. Rcb1 Nf8 37. Rc1 Ne6 38. Rcc2 Bd3 39.
Rd2 Ba6 40. Rdc2 Qf6 41. Rb3 Bxe2 42. Qxe2 Nhxf4 43. Qe3 Nxg2 44. Rxg2 f4
45. Qf2 Nxd4 46. Bc3 Be5 47. Qb2 Nf3+ 48. Kh1 d4 49. Ba5 fxg3 50. Qe2 Qf5
0-1

[Event "38th Olympiad"]
[Site "Dresden GER"]
[Date "2008.11.25"]
[Round "11"]
[White "Montalvo,A"]
[Black "Savva,P"]
[Result "1-0"]
[WhiteElo "2223"]
[BlackElo "2093"]
[EventDate "2008.11.13"]

1. d4 Nf6 2. c4 g6 3. f3 d5 4. cxd5 Nxd5 5. e4 Nb6 6. Nc3 Bg7 7. Be3 e5 8.
d5 c6 9. Qd2 cxd5 10. exd5 O-O 11. h4 h5 12. O-O-O Bf5 13. Nh3 Na6 14. Nf2
Nb4 15. Nfe4 Rc8 16. Kb1 Nc4 17. Bxc4 Rxc4 18. a3 Na6 19. Qe2 Rd4 20. Qf2
Rxd1+ 21. Rxd1 b6 22. Ka2 Qd7 23. Qe2 Nc7 24. Qc4 Rc8 25. Qb4 Na6 26. Qb5
Nc5 27. Nxc5 bxc5 28. Qxd7 Bxd7 29. Ne4 c4 30. Nd6 Rc7 31. Rc1 Bf8 32. Nxc4
f6 33. Rc3 Bb5 34. Nd2 Rxc3 35. bxc3 Be2 36. c4 Kf7 37. Kb3 a6 38. c5 f5
39. Kb4 Ke8 40. Ka5 Kd7 41. Kb6 Kc8 42. d6 Bb5 43. Nb3 f4 44. Bd2 Bf1 45.
Bc3 Bg7 46. c6 1-0

[Event "38th Olympiad"]
[Site "Dresden GER"]
[Date "2008.11.25"]
[Round "11"]
[White "Klerides,P"]
[Black "Bermudez Adams,W"]
[Result "1-0"]
[WhiteElo "2212"]
[BlackElo "2169"]
[EventDate "2008.11.13"]

1. e4 c5 2. Nf3 d6 3. d4 cxd4 4. Nxd4 Nf6 5. Nc3 g6 6. Be3 Bg7 7. f3 O-O 8.
Qd2 Nc6 9. O-O-O Nxd4 10. Bxd4 Be6 11. Kb1 Qc7 12. Nd5 Bxd5 13. exd5 Rfc8
14. Rc1 e5 15. Be3 a6 16. g4 b5 17. h4 Qb7 18. Rd1 b4 19. h5 Rc3 20. hxg6
fxg6 21. Bd3 Rac8 22. g5 Nh5 23. Rh4 a5 24. Rdh1 a4 25. Rxh5 gxh5 26. Rxh5
b3 27. Bxh7+ Kf8 28. axb3 Rxb3 29. cxb3 axb3 30. Qd3 e4 31. Qxe4 Qa6 32.
Qf5+ Ke7 33. Qe6+ Kd8 34. Qg8+ Kc7 35. Qxg7+ 1-0

[Event "38th Olympiad"]
[Site "Dresden GER"]
[Date "2008.11.25"]
[Round "11"]
[White "Homrana,M"]
[Black "Sorensen,To"]
[Result "0-1"]
[WhiteElo "2001"]
[BlackElo "2383"]
[EventDate "2008.11.13"]

1. d4 f5 2. g3 Nf6 3. Bg2 g6 4. Nh3 Bg7 5. Nf4 Nc6 6. c3 e5 7. dxe5 Nxe5 8.
Qb3 c6 9. Be3 Qe7 10. h4 d5 11. Nd2 Ne4 12. Nxe4 fxe4 13. h5 Bf5 14. hxg6
hxg6 15. Rxh8+ Bxh8 16. O-O-O Ng4 17. Qa4 Nxe3 18. fxe3 Qc5 19. Nxd5 O-O-O
20. b4 Qf8 21. Qxa7 cxd5 22. Rxd5 Qf6 23. Rc5+ Kd7 24. g4 Bxg4 25. Qxb7+
Ke8 26. Qxe4+ Qe6 27. a4 Kf7 28. Qxe6+ Kxe6 29. Bf3 Bf5 30. a5 Be5 31. b5
Bd6 32. Rc6 Ke5 0-1

[Event "38th Olympiad"]
[Site "Dresden GER"]
[Date "2008.11.25"]
[Round "11"]
[White "Pace,C"]
[Black "Elbaruni,M"]
[Result "1-0"]
[WhiteElo "2148"]
[BlackElo "2072"]
[EventDate "2008.11.13"]

1. e4 e5 2. Nf3 Nf6 3. Nxe5 d6 4. Nf3 Nxe4 5. Nc3 Nxc3 6. dxc3 Be7 7. Bf4
O-O 8. Qd2 Nd7 9. Be3 Nc5 10. Bc4 c6 11. O-O-O b5 12. Bxc5 dxc5 13. Bxf7+
Kh8 14. Qxd8 Bxd8 15. Rhe1 Bg4 16. Be6 Bxf3 17. gxf3 Bg5+ 18. Kb1 Rxf3 19.
Bd7 Rxf2 20. Bxc6 Raf8 21. Bxb5 Rxh2 22. Re5 Bf6 23. Rxc5 g5 24. a4 g4 25.
Rg1 h5 26. Rc7 Bd8 27. Rd7 Bh4 28. Bd3 Bf2 29. Rh7+ Kg8 30. Rxg4+ hxg4 31.
Rxh2 g3 32. Rh4 Re8 33. Re4 Rb8 34. Kc1 Kf7 35. Rg4 Kf6 36. b3 Rh8 37. Kb2
Ke5 38. Re4+ Kd6 39. Rg4 Ke5 40. b4 Rh2 41. Be4 Be3 42. Bc6 Bf4 43. Rg7 Kf5
44. Rxa7 g2 45. Bxg2 Rxg2 46. a5 Be5 47. Rd7 Ke6 48. Rd8 Rg4 49. Kb3 Rg1
50. Rd3 Ra1 51. Kc4 Ra2 52. Kb5 Rxc2 53. c4 Rb2 54. a6 Bc7 55. c5 Ra2 56.
Kc6 1-0

[Event "38th Olympiad"]
[Site "Dresden GER"]
[Date "2008.11.25"]
[Round "11"]
[White "Chahrani,I"]
[Black "Borg,A"]
[Result "1-0"]
[WhiteElo "2314"]
[BlackElo "2112"]
[EventDate "2008.11.13"]

1. e4 c6 2. d3 d5 3. e5 c5 4. h3 Nc6 5. Nf3 Qc7 6. Qe2 e6 7. c3 Nge7 8. Bf4
Ng6 9. Bh2 Qb6 10. g4 Be7 11. Bg2 Bd7 12. O-O h5 13. a3 hxg4 14. hxg4 a5
15. a4 O-O-O 16. Na3 Rxh2 17. Kxh2 Nf4 18. Qe3 g5 19. Rab1 Rh8+ 20. Kg3 f6
21. Rh1 Rf8 22. Rh7 Bd8 23. d4 cxd4 24. cxd4 Nxd4 25. Nxd4 Qxd4 26. Rc1+
Bc6 27. Qxd4 Ne2+ 28. Kh2 Nxd4 29. exf6 Rxf6 30. Nb5 Ne2 31. Na7+ Kb8 32.
Nxc6+ bxc6 33. Rxc6 Nd4 34. Rc1 Bb6 35. f3 Rf8 36. Bf1 Nxf3+ 37. Kg3 Nh4
38. Ba6 Rf3+ 39. Kh2 Rf8 40. Rb7+ Ka8 41. Rxb6 Nf3+ 42. Kg3 Ka7 43. Rxe6
1-0

[Event "38th Olympiad"]
[Site "Dresden GER"]
[Date "2008.11.25"]
[Round "11"]
[White "Zerafa,P"]
[Black "Asabri,Hu"]
[Result "0-1"]
[WhiteElo "2065"]
[BlackElo "2191"]
[EventDate "2008.11.13"]

1. e4 e5 2. Nf3 Nc6 3. Bb5 a6 4. Ba4 Nf6 5. O-O b5 6. Bb3 Bc5 7. c3 d6 8.
h3 Bb7 9. Re1 O-O 10. Bc2 Bb6 11. d3 h6 12. Nbd2 d5 13. Qe2 Re8 14. Nf1 b4
15. Ng3 Rb8 16. Ba4 bxc3 17. bxc3 Re6 18. Ba3 Ne7 19. Rad1 Ng6 20. Qc2 c5
21. Qc1 Rc8 22. Nf5 Ba5 23. Re2 Nf4 24. Rb2 Ba8 25. Kh2 Qc7 26. Ng3 Nxd3
27. Rxd3 dxe4 28. Re3 exf3 29. gxf3 e4 30. c4 exf3 31. Rxe6 fxe6 32. Qe3
Qd6 33. Rb1 Bd2 34. Qb3 Bf4 35. Rd1 Qe5 36. Rg1 Qh5 37. Rh1 Ng4+ 38. Kg1
Bxg3 39. hxg4 Bxf2+ 40. Kxf2 Qxh1 41. Qb6 Qg2+ 42. Ke3 Qe2+ 43. Kf4 Rf8+
0-1